=LDR 00000nam 2200000 4500 =001 INLIS000000000031198 =005 20130612133301 =008 ***********************************ind** =035 ##$$0010-061300000031198 =041 ##$$a ind =082 ##$$a 823 =090 ##$$a 823 , Bud s =100 ##$$a Budianta, Melanie =245 ##$$a Syahrir and the children of banda neira, Dra. Melanie Budinata =260 ##$$a 1990 $b Jakarta =300 ##$$a 48 hlm., Ilus, 21 cm =650 ##$$a Cerita Anak =850 ##$$a NBPNMAT